Score 0/117 Timer 08:00
10 Plays Today
% Correct
I
97.8%
I
97.8%
I
97.8%
I
97.8%
I
97.8%
I
97.8%
I
97.8%
I
97.8%
I
97.8%
I
97.8%
I
97.8%
I
97.8%
I
97.8%
a
97.7%
a
97.7%
a
97.7%
the
96.6%
the
96.6%
the
96.6%
And
88.5%
be
84.9%
be
84.9%
be
84.9%
be
84.9%
be
84.9%
be
84.9%
be
84.9%
can
83.1%
can
83.1%
can
83.1%
to
77.7%
to
77.7%
to
77.7%
me
75.9%
will
74.2%
go
73.5%
go
73.5%
go
73.5%
go
73.5%
% Correct
will
71.6%
will
71.6%
will
71.6%
will
71.6%
is
71.2%
on
69.2%
where
68.8%
Where
68.8%
where
68.8%
where
68.8%
my
68.3%
my
68.3%
my
68.3%
my
68.3%
my
68.3%
see
67.2%
of
67.1%
for
66.4%
when
65.7%
distance
65.4%
distance
65.4%
there
64%
know
63.1%
know
63.1%
am
62.9%
they
62.6%
have
60.5%
if
59.4%
way
58.5%
way
58.5%
dreamed
57.6%
place
54.3%
I'll
53%
I'll
53%
belong
52.5%
belong
52.5%
find
52.5%
find
52.5%
this
52.4%
% Correct
I'm
50.8%
far
50%
far
50%
every
50%
every
50%
how
49.8%
off
48.5%
waiting
47.9%
strong
47.7%
strong
47.7%
like
47.3%
face
46.7%
often
45.6%
great
45.4%
warm
44.8%
mile
44.1%
mile
44.1%
while
44%
while
44%
anywhere
43.7%
anywhere
43.7%
would
43.6%
would
43.6%
worth
43.3%
worth
43.3%
don't
42.9%
welcome
42.1%
feel
41.9%
cheer
41.8%
crowds
41.8%
meant
41.7%
someday
41.5%
most
41.5%
most
41.4%
voice
36.2%
keeps
35.9%
saying
35.8%
care
35.1%
Somehow
31.2%
Remove Ads.
Support Sporcle.
Get the best of Sporcle when you Go Orange. This ad-free experience offers more features, more stats, and more fun while also helping to support Sporcle. Thank you for becoming a member.

You're not logged in!

Compare scores with friends on all Sporcle quizzes.
OR
Log In

Show Comments

Extras

Top Quizzes Today


Score Distribution

Your Account Isn't Verified!

In order to create a playlist on Sporcle, you need to verify the email address you used during registration. Go to your Sporcle Settings to finish the process.

Report this User

Report this user for behavior that violates our Community Guidelines.

Details: